000 00782nam a2200289Ia 4500
003 OSt
005 20220912150441.0
006 a|||||r|||| 00| 0
007 ta
008 220909b |||||||| |||| 00| 0 eng d
024 _a49662
037 _cTextual
040 _aCSL
_beng
_cCSL
041 _aeng
082 _aH25M87z7, L3
100 _aBarnes Virgil E Ed.
245 0 _aTektites
260 _aDowden
_bHutchinson and Ross
_c1973
300 _axv, 445p.
_ccm.
490 _aBenchmark papers in geology
650 _a Petrology
650 _aGeology
700 _a Barnes Mildred A Ed.
942 _hH25M87z7, L3
_cTEXL
_2CC
999 _c47630
_d47630